000 00262nam a2200109Ia 4500
008 240625s9999 xx 000 0 und d
041 _aeng
082 _a650.072 SEK
100 _aSEKARAN UMA
245 _aRESEARCH METHODS FOR BUSINESS A SKILL BU
260 _c2010
999 _c40030
_d40030